[Event "IECG CN.2000.0.00215"]
[Site "IECG email"]
[Date "2000.10.03"]
[Round "?"]
[White "De Nuccio, Stefano"]
[Black "Brozio, Michael"]
[Result "0-1"]
[WhiteElo "800"]
[BlackElo "800"]
[PlyCount "32"]
[EventDate "2000.10.03"]
[EventType "tourn (corr)"]
[EventRounds "6"]
[SourceTitle "Corr 2008"]
[Source "ChessBase"]
[SourceDate "2008.06.24"]
[SourceVersion "1"]
[SourceVersionDate "2008.06.24"]
[SourceQuality "1"]

1. e4 c5 2. Nf3 d6 3. d4 cxd4 4. Nxd4 Nf6 5. Nc3 g6 6. Be3 Bg7 7. f3 0-0 8. Qd2 Nc6 9. 0-0-0 d5 10. Nxc6 bxc6 11. exd5 Qa5 12. dxc6 Be6 13. a3 Rfd8 14. Bd3 Nd5 15. Nxd5 Qxd5 16. Be4 Bxb2+ 0-1